Postacie ze Squad Busters - Statystyki

Ogólne statystyki
  • Ten quiz został rozwiązany 47 razy
    15 od ostatniego zresetowania
  • Średni wynik to 14 z 43
Statystyki odpowiedzi
Rzadkość Postać % Poprawnych
Zwykły Squadzik Shelly
85%
Zwykły Squadzik Colt
69%
Zwykły Squadzik El Primo
62%
Heros Mortis
62%
Zwykły Squadzik Goblin
54%
Epicki Squadzik Jessie
54%
Zwykły Squadzik Łuczniczka
54%
Rzadki Squadzik Nita
54%
Zwykły Squadzik Barbarzyńca
46%
Heros Król Barbarzyńców
46%
Zwykły Squadzik Kurczak
46%
Epicki Squadzik Leon
46%
Zwykły Squadzik Poco
46%
Heros Spike
46%
Rzadki Squadzik Dynamike
38%
Rzadki Squadzik Frank
38%
Heros Królowa Łuczniczek
31%
Heros Król Royale
31%
Epicki Squadzik Maks
31%
Rzadki Squadzik Pam
31%
Epicki Squadzik Ruffs
31%
Epicki Squadzik Wiedźma
31%
Rzadki Squadzik Bea
23%
Zwykły Squadzik Bo
23%
Rzadki Squadzik Czarodziej
23%
Rzadki Squadzik Czarodziej Lodu
23%
Zwykły Squadzik Greg
23%
Zwykły Squadzik Handlarz
23%
Epicki Squadzik Optimus Prime
23%
Rzadki Squadzik Penny
23%
Heros Sonic
23%
Zwykły Squadzik Ciężki
15%
Rzadki Squadzik Czołg
15%
Epicki Squadzik Dr T
15%
Epicki Squadzik Elita-1
15%
Rzadki Squadzik Górnik
15%
Rzadki Squadzik Knuckles
15%
Zwykły Squadzik Mavis
15%
Epicki Squadzik Uzdrowicielka Bitewna
15%
Rzadki Squadzik Wieprzowy Jeździec
15%
Rzadki Squadzik Bandytka
8%
Rzadki Squadzik Medyk
8%
Epicki Squadzik Tails
8%
Nie znaleziono quizów pasujących do podanych kryteriów
Rozkład punktacji
Procent ludzi z każdym wynikiem
Percentyl według liczby udzielonych odpowiedzi
Twoja historia wyników
Nie rozwiązałeś tego quizu od ostatniego zresetowania